[Event "New Zealand Championship 2023"]
[Site "Wellington"]
[Date "2023.01.04"]
[Round "3.15"]
[White "Tang, Hao"]
[Black "Wang, Justin Zhide"]
[Result "1-0"]
[WhiteElo "2133"]
[BlackElo "1875"]

1. d4 {[%clk 01:30:59]} 1... e6 {[%clk 01:30:54] [%emt 00:00:06]} 2. Nf3 {[%clk
01:31:21] [%emt 00:00:08]} 2... Nf6 {[%clk 01:31:15] [%emt 00:00:10]} 3. Bg5
{[%clk 01:31:45] [%emt 00:00:06]} 3... d5 {[%clk 01:31:31] [%emt 00:00:14]} 4.
c4 {[%clk 01:32:06] [%emt 00:00:08]} 4... Be7 {[%clk 01:30:17] [%emt 00:01:45]}
5. e3 {[%clk 01:32:14] [%emt 00:00:20]} 5... h6 {[%clk 01:30:32] [%emt
00:00:16]} 6. Bh4 {[%clk 01:32:33] [%emt 00:00:11]} 6... Ne4 {[%clk 01:29:26]
[%emt 00:01:35]} 7. Bxe7 {[%clk 01:31:56] [%emt 00:01:08]} 7... Qxe7 {[%clk
01:29:46] [%emt 00:00:10]} 8. Nc3 {[%clk 01:31:51] [%emt 00:00:34]} 8... Nxc3
{[%clk 01:25:08] [%emt 00:05:09]} 9. bxc3 {[%clk 01:32:11] [%emt 00:00:10]}
9... c6 {[%clk 01:25:37]} 10. Bd3 {[%clk 01:28:40] [%emt 00:04:00]} 10... Nd7
{[%clk 01:24:20] [%emt 00:01:48]} 11. O-O {[%clk 01:28:18] [%emt 00:00:51]}
11... f5 {[%clk 01:24:09] [%emt 00:00:42]} 12. cxd5 {[%clk 01:25:45] [%emt
00:03:04]} 12... cxd5 {[%clk 01:24:28] [%emt 00:00:13]} 13. c4 {[%clk 01:24:37]
[%emt 00:01:35]} 13... O-O {[%clk 01:24:33] [%emt 00:00:25]} 14. Qb3 {[%clk
01:24:26] [%emt 00:00:39]} 14... Qd6 {[%clk 01:23:14] [%emt 00:01:51]} 15. cxd5
{[%clk 01:20:34] [%emt 00:04:23]} 15... exd5 {[%clk 01:23:10] [%emt 00:00:34]}
16. Nh4 {[%clk 01:16:49] [%emt 00:04:13]} 16... Nb6 {[%clk 01:23:04] [%emt
00:00:37]} 17. a4 {[%clk 01:14:03] [%emt 00:03:17]} 17... g5 {[%clk 01:17:08]
[%emt 00:06:26]} 18. Nf3 {[%clk 01:13:11] [%emt 00:01:21]} 18... Be6 {[%clk
01:17:29] [%emt 00:00:10]} 19. Rfc1 {[%clk 01:11:33] [%emt 00:02:07]} 19... Nc4
{[%clk 01:16:48] [%emt 00:01:12]} 20. Rc2 {[%clk 00:56:48] [%emt 00:15:14]}
20... Rfc8 {[%clk 01:06:42] [%emt 00:10:37]} 21. Qb1 {[%clk 00:54:40] [%emt
00:02:38]} 21... Qb6 {[%clk 01:05:13] [%emt 00:01:59]} 22. Qa2 {[%clk 00:47:02]
[%emt 00:08:08]} 22... Qd6 {[%clk 01:01:49] [%emt 00:03:54]} 23. Rac1 {[%clk
00:45:49] [%emt 00:01:41]} 23... Rab8 {[%clk 01:00:29] [%emt 00:01:52]} 24. Rc3
{[%clk 00:43:01] [%emt 00:03:18]} 24... a6 {[%clk 01:00:27] [%emt 00:00:33]}
25. Qc2 {[%clk 00:42:33] [%emt 00:00:57]} 25... b5 {[%clk 00:59:07] [%emt
00:01:52]} 26. axb5 {[%clk 00:31:08] [%emt 00:11:54]} 26... axb5 {[%clk
00:59:28] [%emt 00:00:09]} 27. Qb1 {[%clk 00:17:20] [%emt 00:14:17]} 27... Rf8
{[%clk 00:54:56] [%emt 00:05:02]} 28. Qb3 {[%clk 00:12:51] [%emt 00:04:59]}
28... Rfc8 {[%clk 00:53:47] [%emt 00:01:39]} 29. h3 {[%clk 00:12:33] [%emt
00:00:48]} 29... Rf8 {[%clk 00:53:22] [%emt 00:00:55]} 30. R3c2 {[%clk
00:11:36] [%emt 00:01:27]} 30... Na5 {[%clk 00:51:31] [%emt 00:02:22]} 31. Qa2
{[%clk 00:11:31] [%emt 00:00:34]} 31... Nc4 {[%clk 00:51:54] [%emt 00:00:07]}
32. Nd2 {[%clk 00:10:54] [%emt 00:01:07]} 32... Rfc8 {[%clk 00:51:17] [%emt
00:01:07]} 33. Nb3 {[%clk 00:09:41] [%emt 00:01:43]} 33... Ra8 {[%clk 00:51:06]
[%emt 00:00:41]} 34. Qb1 {[%clk 00:10:02] [%emt 00:00:08]} 34... Rf8 {[%clk
00:51:02] [%emt 00:00:35]} 35. Ra2 {[%clk 00:09:10] [%emt 00:01:17]} 35... Rxa2
{[%clk 00:38:22] [%emt 00:13:15]} 36. Qxa2 {[%clk 00:09:33] [%emt 00:00:07]}
36... h5 {[%clk 00:37:07] [%emt 00:01:44]} 37. Nc5 {[%clk 00:10:17] [%emt
00:00:44]} 37... Bc8 {[%clk 00:37:03] [%emt 00:01:03]} 38. Rb1 {[%clk 00:09:26]
[%emt 00:01:20]} 38... Bd7 {[%clk 00:34:44] [%emt 00:02:50]} 39. Nxd7 {[%clk
00:38:41] [%emt 00:01:15]} 39... Qxd7 {[%clk 01:05:12] [%emt 00:00:02]} 40. Qa6
{[%clk 00:39:00] [%emt 00:00:11]} 40... Qd6 {[%clk 01:04:04] [%emt 00:01:38]}
41. Qxb5 {[%clk 00:38:34] [%emt 00:00:53]} 41... Na3 {[%clk 01:03:51] [%emt
00:00:46]} 42. Qb6 {[%emt 00:04:40]} 42... Qxb6 {[%clk 01:02:39]} 43. Rxb6
{[%clk 00:36:28] [%emt 00:00:07]} 43... Nc4 {[%clk 01:03:02] [%emt 00:00:07]}
44. Bxc4 {[%clk 00:35:57] [%emt 00:01:01]} 44... dxc4 {[%clk 01:03:25] [%emt
00:00:07]} 45. Rc6 {[%clk 00:36:19] [%emt 00:00:08]} 45... Kf7 {[%clk 01:03:46]
[%emt 00:00:08]} 46. Rxc4 {[%clk 00:36:36] [%emt 00:00:13]} 46... Ke6 {[%clk
01:03:39] [%emt 00:00:37]} 47. Rc6+ {[%clk 00:36:42] [%emt 00:00:24]} 47... Kf7
{[%clk 01:03:23] [%emt 00:00:46]} 48. Kf1 {[%clk 00:36:47] [%emt 00:00:24]}
48... Ra8 {[%clk 01:03:49] [%emt 00:00:05]} 49. g3 {[%clk 00:36:44] [%emt
00:00:32]} 49... Ra1+ {[%clk 01:03:54] [%emt 00:00:26]} 50. Kg2 {[%clk
00:36:48] [%emt 00:00:25]} 50... Kg7 {[%clk 01:04:05] [%emt 00:00:20]} 51. Rc2
{[%clk 00:36:41] [%emt 00:00:37]} 51... Rd1 {[%clk 01:04:26] [%emt 00:00:09]}
52. f3 {[%clk 00:36:22] [%emt 00:00:46]} 52... Rd3 {[%clk 01:04:53] [%emt
00:00:06]} 53. Kf2 {[%clk 00:36:31] [%emt 00:00:20]} 53... Rd1 {[%clk 01:05:16]
[%emt 00:00:08]} 54. h4 {[%clk 00:36:13] [%emt 00:00:47]} 54... gxh4 {[%clk
01:05:38] [%emt 00:00:09]} 55. gxh4 {[%clk 00:36:26] [%emt 00:00:17]} 55... Rh1
{[%clk 01:06:04] [%emt 00:00:04]} 56. Kg3 {[%clk 00:36:35] [%emt 00:00:21]}
56... f4+ {[%clk 01:06:20] [%emt 00:00:14]} 57. Kxf4 {[%clk 00:36:09] [%emt
00:00:56]} 57... Rxh4+ {[%clk 01:06:45] [%emt 00:00:05]} 58. Kg3 {[%clk
00:36:26] [%emt 00:00:12]} 58... Rh1 {[%clk 01:07:12] [%emt 00:00:04]} 59. Rh2
{[%clk 00:36:16] [%emt 00:00:39]} 59... Rg1+ {[%clk 01:07:13] [%emt 00:00:29]}
60. Kf2 {[%clk 00:36:36] [%emt 00:00:10]} 60... Ra1 {[%clk 01:07:26] [%emt
00:00:18]} 61. Rxh5 {[%clk 00:36:58] [%emt 00:00:08]} 61... Ra2+ {[%clk
01:07:51] [%emt 00:00:06]} 62. Kg3 {[%clk 00:37:17] [%emt 00:00:10]} 62... Kg6
{[%clk 01:08:14] [%emt 00:00:07]} 63. Rc5 {[%clk 00:37:32] [%emt 00:00:15]}
63... Ra4 {[%clk 01:08:35] [%emt 00:00:10]} 64. Kg4 {[%clk 00:37:47] [%emt
00:00:12]} 64... Kf6 {[%clk 01:08:38] [%emt 00:00:29]} 65. Rc6+ {[%clk
00:37:59] [%emt 00:00:17]} 65... Ke7 {[%clk 01:08:56] [%emt 00:00:12]} 66. Kf5
{[%clk 00:38:15] [%emt 00:00:13]} 66... Ra3 {[%clk 01:09:20] [%emt 00:00:07]}
67. Ke4 {[%clk 00:38:15] [%emt 00:00:30]} 67... Kd7 {[%clk 01:09:45] [%emt
00:00:05]} 68. Rh6 {[%clk 00:38:36] [%emt 00:00:09]} 68... Ra5 {[%clk 01:10:11]
[%emt 00:00:04]} 69. d5 {[%clk 00:38:39] [%emt 00:00:28]} 69... Ra8 {[%clk
01:10:29] [%emt 00:00:13]} 70. Kf5 {[%clk 00:38:51] [%emt 00:00:16]} 70... Rf8+
{[%clk 01:10:54] [%emt 00:00:05]} 71. Rf6 {[%clk 00:39:14] [%emt 00:00:06]}
71... Rh8 {[%clk 01:11:13] [%emt 00:00:12]} 72. e4 {[%clk 00:39:36] [%emt
00:00:08]} 72... Rh5+ {[%clk 01:11:24] [%emt 00:00:19]} 73. Kg6 {[%clk
00:39:53] [%emt 00:00:14]} 73... Rh1 {[%clk 01:11:34] [%emt 00:00:20]} 74. f4
{[%clk 00:40:05] [%emt 00:00:17]} 74... Ke7 {[%clk 01:11:52] [%emt 00:00:12]}
75. e5 {[%clk 00:40:16] [%emt 00:00:19]} 75... Re1 {[%clk 01:12:17] [%emt
00:00:05]} 76. d6+ {[%clk 00:40:30] [%emt 00:00:16]} 76... Ke8 {[%clk 01:12:31]
[%emt 00:00:17]} 77. Kf5 {[%clk 00:40:46] [%emt 00:00:13]} 77... Rh1 {[%clk
01:12:56] [%emt 00:00:05]} 78. Ke6 {[%clk 00:40:56] [%emt 00:00:19]} 78... Rh8
{[%clk 01:13:15] [%emt 00:00:11]} 79. Rg6 {[%clk 00:40:58] [%emt 00:00:26]}
79... Kd8 {[%clk 01:13:21] [%emt 00:00:26]} 80. f5 {[%clk 00:41:19] [%emt
00:00:08]} 80... Re8+ {[%clk 01:13:34] [%emt 00:00:18]} 81. Kd5 {[%clk
00:41:34] [%emt 00:00:14]} 81... Rh8 {[%clk 01:13:52] [%emt 00:00:12]} 82. Kc6
{[%clk 00:41:52] [%emt 00:00:11]} 82... Kc8 {[%clk 01:14:12] [%emt 00:00:10]}
83. Rg7 {[%clk 00:42:11] [%emt 00:00:11]} 83... Kd8 {[%clk 01:14:31] [%emt
00:00:12]} 84. Ra7 {[%clk 00:42:00] [%emt 00:00:41]} 84... Ke8 {[%clk 01:14:17]
[%emt 00:00:44]} 85. Ra8+ {[%clk 00:42:20] [%emt 00:00:11]} 1-0

[Event "New Zealand Championship 2023"]
[Site "Wellington"]
[Date "2023.01.04"]
[Round "3.16"]
[White "Davis, Johnathan"]
[Black "Mao, Daqi"]
[Result "0-1"]
[WhiteElo "1940"]
[BlackElo "2085"]

1. e4 e6 2. d4 d5 3. Nc3 Nf6 4. e5 Nfd7 5. f4 c5 6. Nf3 Nc6 7. Be3 cxd4 8. Nxd4
Bc5 9. Nce2 Qb6 10. Rb1 a5 11. c3 O-O 12. g4 f6 13. exf6 Nxf6 14. Ng3 e5 15.
Nxc6 Bxe3 16. Ne7+ Kh8 17. f5 Bd7 18. Qf3 Rfe8 19. h4 Rxe7 20. g5 Ne4 21. Nxe4
dxe4 22. Qh3 Rf8 23. Bc4 Bf2+ 24. Ke2 Bxf5 25. Qg2 Qe3+ 26. Kf1 Bg3 27. Qe2
Bh3# 0-1

[Event "New Zealand Championship 2023"]
[Site "Wellington"]
[Date "2023.01.04"]
[Round "3.17"]
[White "Park-Tamati, Philli"]
[Black "Qin, Oscar Shu Xuan"]
[Result "1/2-1/2"]
[WhiteElo "2065"]
[BlackElo "1964"]

1. d4 Nf6 2. Bf4 d5 3. e3 e6 4. Nd2 Bd6 5. Ngf3 O-O 6. Bd3 c5 7. Ne5 Qc7 8. Bg3
b6 9. f4 Bb7 10. Qf3 c4 11. Be2 Nbd7 12. c3 b5 13. a4 a6 14. a5 Ne4 15. Nxe4
dxe4 16. Qh5 f5 17. Nxd7 Qxd7 18. Bh4 Rf7 19. Rg1 g6 20. Qg5 Be7 21. Qg3 Rg7
22. Kf2 Kf7 23. Qh3 h5 24. Qg3 Bxh4 25. Qxh4 Qe7 26. Qxe7+ Kxe7 27. Rh1 Rh8 28.
Rag1 Bd5 29. Ra1 Rgh7 30. g3 Kd6 31. Kg2 Ke7 32. Kh3 Kf6 33. Kh4 Rb7 34. Kh3
Rbh7 35. Kg2 Rb7 36. Kf2 Rc7 37. Ke1 Ke7 38. Kd2 Kd6 39. h3 Rch7 40. Rhg1 Ke7
41. Rg2 Kf7 42. Rag1 Rh6 43. Kc2 Rb8 44. Ra1 Ke7 45. Rgg1 Rbh8 46. Kb1 Kd6 47.
Ka2 Kc6 48. Ka3 R6h7 49. Kb4 Rh6 50. Rg2 Rg8 51. Rag1 Rh7 52. g4 hxg4 53. hxg4
Rh6 54. Ka3 Kd6 55. Bf1 Kc6 56. Rg3 Kd6 57. gxf5 exf5 58. Rg5 Bf7 59. R1g3 Rhh8
60. Bg2 1/2-1/2

[Event "New Zealand Championship 2023"]
[Site "Wellington"]
[Date "2023.01.04"]
[Round "3.18"]
[White "Tanoi, T Edward"]
[Black "Vanheirzeele, Daniel"]
[Result "1/2-1/2"]
[WhiteElo "1993"]
[BlackElo "2056"]

1. e4 c5 2. Nf3 d6 3. d4 cxd4 4. Nxd4 Nf6 5. Nc3 g6 6. Be3 Bg7 7. f3 Nc6 8. Qd2
O-O 9. O-O-O d5 10. exd5 Nxd5 11. Nxc6 bxc6 12. Nxd5 cxd5 13. Qxd5 Qc7 14. Qc5
Qb8 15. Bd4 Qf4+ 16. Be3 Qb8 17. Bd4 Qf4+ 18. Be3 Qb8 19. b3 Be6 20. Qb5 Qc7
21. Bd3 Qc3 22. Qc5 Qb2+ 23. Kd2 Qxa2 24. Qb4 Rab8 25. Qa4 Qb2 26. Rb1 Qc3+ 27.
Ke2 Rfd8 1/2-1/2

[Event "New Zealand Championship 2023"]
[Site "Wellington"]
[Date "2023.01.04"]
[Round "3.19"]
[White "McDougall, Euan"]
[Black "Ha, Timothy Huy Minh"]
[Result "0-1"]
[WhiteElo "1995"]
[BlackElo "1812"]

1. d4 d5 2. c4 e6 3. Nc3 Nf6 4. cxd5 exd5 5. Bg5 Be7 6. Nf3 c6 7. e3 Ne4 8.
Nxe4 dxe4 9. Bxe7 Qxe7 10. Nd2 O-O 11. g4 a5 12. Rg1 Na6 13. a3 c5 14. Nb3 cxd4
15. Nxd4 Nc5 16. Bc4 Bd7 17. Qe2 Nd3+ 18. Bxd3 exd3 19. Qxd3 Rac8 20. h3 Rfd8
21. Rd1 Ba4 22. b3 Bc6 23. a4 Be4 24. Qb5 Rd5 25. Qe2 Rcd8 26. Rg3 Qb4+ 27. Qd2
Qxd2+ 28. Rxd2 R5d7 29. f3 Bd5 30. Rc2 b6 31. Rgg2 Bb7 32. Rgd2 Kf8 33. Rc1 g6
34. Rdc2 Ke7 35. Kf2 Ke8 36. Kg3 Ke7 37. Rc3 Ke8 38. Kf4 h6 39. Rc7 Ba8 40.
R7c3 Ke7 41. h4 Kf6 42. Rh1 Kg7 43. h5 Re8 44. hxg6 fxg6 45. Nb5 Rf8+ 46. Kg3
Rxf3+ 47. Kh4 g5+ 48. Kh5 Be4 0-1

[Event "New Zealand Championship 2023"]
[Site "Wellington"]
[Date "2023.01.04"]
[Round "3.20"]
[White "Yu, Zachary"]
[Black "Young, Cohen"]
[Result "0-1"]
[WhiteElo "1885"]
[BlackElo "1994"]

1. d4 Nf6 2. c4 e6 3. Nf3 d5 4. g3 dxc4 5. Bg2 Bd7 6. O-O Bc6 7. Nbd2 b5 8. Re1
Bb4 9. Qc2 Bxd2 10. Bxd2 Be4 11. Qc1 Nc6 12. e3 Qd5 13. Nh4 Bxg2 14. Nxg2 O-O
15. Nf4 Qf3 16. Qd1 Qxd1 17. Rexd1 g5 18. Ne2 g4 19. Rac1 Ne4 20. b3 Nxd2 21.
Rxd2 Na5 22. bxc4 bxc4 23. Nc3 Rfd8 24. Nb5 c5 25. Na3 cxd4 26. exd4 Rac8 27.
Kf1 Rd5 28. Ke2 e5 29. dxe5 Rxe5+ 30. Kf1 Re4 31. Rd5 Nb7 32. Rc2 a6 33. Kg2
Rc6 34. f3 Re3 35. Nxc4 gxf3+ 36. Kf1 Re2 37. Rxe2 fxe2+ 38. Kxe2 Rxc4 39. Kd3
Ra4 40. Rg5+ Kf8 41. Rh5 Kg7 42. Rg5+ Kf6 0-1

[Event "New Zealand Championship 2023"]
[Site "Wellington"]
[Date "2023.01.04"]
[Round "3.21"]
[White "Masters, Andrew D"]
[Black "Wang, Aaron Ziwen"]
[Result "1/2-1/2"]
[WhiteElo "1946"]
[BlackElo "1945"]

1. d4 Nf6 2. c4 g6 3. Nc3 Bg7 4. e4 d6 5. Bd3 O-O 6. Nge2 e5 7. d5 a5 8. Bg5 h6
9. Bd2 Na6 10. a3 Bd7 11. Rb1 Nc5 12. Bc2 a4 13. Be3 Ng4 14. Bxc5 dxc5 15. h3
Qh4 16. O-O Nf6 17. f3 Qg5 18. Qc1 Qxc1 19. Nxc1 Ne8 20. Bd3 Nd6 21. N1e2 h5
22. h4 Bh6 23. f4 Rae8 24. Rbe1 f5 25. g3 fxe4 26. Nxe4 Nxe4 27. Bxe4 Bh3 28.
Bxg6 Bxf1 29. Rxf1 exf4 30. Bxe8 Rxe8 31. Nxf4 Bxf4 32. Rxf4 Re2 33. Rf2 Re4
34. Rc2 Kg7 35. Kf2 Kf6 36. Kf3 Kf5 37. Rc3 b6 38. Rc2 Rd4 39. Rc3 Rd2 40. b4
axb3 41. Rxb3 Rc2 42. d6 cxd6 43. Rxb6 Ke5 44. Rb3 Rxc4 45. Re3+ Kf5 46. Rd3
Ke5 1/2-1/2

[Event "New Zealand Championship 2023"]
[Site "Wellington"]
[Date "2023.01.05"]
[Round "4.1"]
[White "Moradiabadi, Elshan"]
[Black "Gong, Daniel Hanwen"]
[Result "1/2-1/2"]
[WhiteElo "2514"]
[BlackElo "2388"]

1. e4 {[%clk 01:30:56] [%emt 00:00:03]} 1... c5 {[%clk 01:30:33] [%emt
00:00:27]} 2. Nf3 {[%clk 01:31:25] [%emt 00:00:01]} 2... Nc6 {[%clk 01:30:40]
[%emt 00:00:24]} 3. Bb5 {[%clk 01:31:53] [%emt 00:00:01]} 3... e6 {[%clk
01:31:04] [%emt 00:00:07]} 4. O-O {[%clk 01:32:15] [%emt 00:00:08]} 4... Nge7
{[%clk 01:31:31] [%emt 00:00:03]} 5. d4 {[%clk 01:32:39] [%emt 00:00:05]} 5...
cxd4 {[%clk 01:30:22] [%emt 00:01:40]} 6. Nxd4 {[%clk 01:33:08]} 6... Nxd4
{[%clk 01:30:23] [%emt 00:00:29]} 7. Qxd4 {[%clk 01:33:35] [%emt 00:00:02]}
7... a6 {[%clk 01:30:47] [%emt 00:00:07]} 8. Be2 {[%clk 01:33:54] [%emt
00:00:11]} 8... Nc6 {[%clk 01:31:04] [%emt 00:00:13]} 9. Qc3 {[%clk 01:34:18]
[%emt 00:00:05]} 9... Qf6 {[%clk 01:27:59] [%emt 00:03:34]} 10. Qxf6 {[%clk
01:30:33] [%emt 00:04:16]} 10... gxf6 {[%clk 01:28:18] [%emt 00:00:11]} 11. b3
{[%clk 01:31:02] [%emt 00:00:01]} 11... Bd6 {[%clk 01:15:08] [%emt 00:13:41]}
12. Bb2 {[%clk 01:30:08] [%emt 00:01:24]} 12... Be5 {[%clk 01:15:27] [%emt
00:00:11]} 13. c3 {[%clk 01:30:37]} 13... b5 {[%clk 01:11:22] [%emt 00:04:35]}
14. f4 {[%clk 01:29:43] [%emt 00:01:23]} 14... Bd6 {[%clk 01:10:32] [%emt
00:01:17]} 15. b4 {[%clk 01:22:24] [%emt 00:07:53]} 15... e5 {[%clk 01:07:07]
[%emt 00:03:55]} 16. a4 {[%clk 01:20:04] [%emt 00:02:50]} 16... bxa4 {[%clk
01:04:19] [%emt 00:03:19]} 17. Rxa4 {[%clk 01:20:24] [%emt 00:00:10]} 17...
exf4 {[%clk 00:55:36] [%emt 00:09:13]} 18. Bc1 {[%clk 01:20:07] [%emt
00:00:46]} 18... Bb7 {[%clk 00:50:22] [%emt 00:05:44]} 19. Bxf4 {[%clk
01:19:25] [%emt 00:01:12]} 19... Ne5 {[%clk 00:49:32] [%emt 00:01:20]} 20. Bg3
{[%clk 01:15:29] [%emt 00:04:26]} 20... Be7 {[%clk 00:41:13] [%emt 00:08:49]}
21. Nd2 {[%clk 01:14:03] [%emt 00:01:56]} 21... O-O {[%clk 00:41:20] [%emt
00:00:22]} 22. Bf2 {[%clk 01:03:02] [%emt 00:11:31]} 22... Rfc8 {[%clk
00:37:41] [%emt 00:04:10]} 23. Bd4 {[%clk 01:03:17] [%emt 00:00:14]} 23... Kg7
{[%clk 00:37:07] [%emt 00:01:03]} 24. Bxe5 {[%clk 00:52:16] [%emt 00:11:31]}
24... fxe5 {[%clk 00:37:17] [%emt 00:00:20]} 25. Nc4 {[%clk 00:52:44] [%emt
00:00:01]} 25... Rc7 {[%clk 00:22:59] [%emt 00:14:49]} 26. Nxe5 {[%clk
00:41:30] [%emt 00:11:45]} 26... f6 {[%clk 00:23:08] [%emt 00:00:21]} 27. Nc4
{[%clk 00:40:18] [%emt 00:01:42]} 27... Bxe4 {[%clk 00:23:14] [%emt 00:00:24]}
28. Nd2 {[%clk 00:40:22] [%emt 00:00:25]} 28... Bb7 {[%clk 00:22:18] [%emt
00:01:26]} 29. Bf3 {[%clk 00:38:33] [%emt 00:02:19]} 29... d5 {[%clk 00:16:06]
[%emt 00:06:43]} 30. Nb1 {[%clk 00:38:11] [%emt 00:00:52]} 30... Bc6 {[%clk
00:10:10] [%emt 00:06:26]} 31. Ra2 {[%clk 00:36:37] [%emt 00:02:04]} 31... d4
{[%clk 00:10:13] [%emt 00:00:28]} 32. Bxc6 {[%clk 00:30:54] [%emt 00:06:12]}
32... Rxc6 {[%clk 00:10:40] [%emt 00:00:03]} 33. b5 {[%clk 00:31:21] [%emt
00:00:03]} 33... Rcc8 {[%clk 00:10:49] [%emt 00:00:21]} 34. b6 {[%clk 00:30:20]
[%emt 00:01:31]} 34... Rcb8 {[%clk 00:10:41] [%emt 00:00:37]} 35. cxd4 {[%clk
00:30:20] [%emt 00:00:30]} 35... Rxb6 {[%clk 00:10:53] [%emt 00:00:19]} 36. Nc3
{[%emt 00:01:39]} 36... Rd8 {[%clk 00:09:44]} 37. Ne2 {[%clk 00:30:41] [%emt
00:00:37]} 37... Bb4 {[%clk 00:08:11] [%emt 00:02:04]} 38. Rf5 {[%clk 00:24:40]
[%emt 00:06:30]} 38... Re6 {[%clk 00:04:02] [%emt 00:04:37]} 39. Kf2 {[%clk
00:24:55] [%emt 00:00:17]} 39... a5 {[%clk 00:03:44] [%emt 00:00:48]} 40. Kf3
{[%clk 00:48:05] [%emt 00:07:20]} 40... Rde8 {[%clk 00:31:26] [%emt 00:02:49]}
41. Nf4 {[%clk 00:48:01] [%emt 00:00:33]} 41... Re3+ {[%clk 00:30:03] [%emt
00:01:53]} 42. Kg4 {[%clk 00:47:43] [%emt 00:00:48]} 42... R3e4 {[%clk
00:28:54] [%emt 00:01:40]} 43. Rd5 {[%clk 00:47:18] [%emt 00:00:55]} 43... Bc3
{[%clk 00:25:50] [%emt 00:03:33]} 44. Ra4 {[%clk 00:31:36] [%emt 00:16:13]}
44... Bd2 {[%clk 00:19:57] [%emt 00:06:23]} 45. g3 {[%clk 00:32:05]} 45... Bxf4
{[%clk 00:17:57] [%emt 00:02:31]} 46. gxf4 {[%clk 00:32:30] [%emt 00:00:05]}
46... Kg6 {[%clk 00:18:19] [%emt 00:00:08]} 47. h4 {[%clk 00:32:52] [%emt
00:00:08]} 47... h5+ {[%clk 00:15:55] [%emt 00:02:54]} 48. Rxh5 {[%clk
00:33:17] [%emt 00:00:05]} 48... Re1 {[%clk 00:16:17] [%emt 00:00:08]} 49.
Raxa5 {[%clk 00:30:37] [%emt 00:03:10]} 1/2-1/2

[Event "New Zealand Championship 2023"]
[Site "Wellington"]
[Date "2023.01.05"]
[Round "4.2"]
[White "Shoker, Samy"]
[Black "Van Riemsdijk, Herman C."]
[Result "1/2-1/2"]
[WhiteElo "2491"]
[BlackElo "2265"]

1. Nf3 {[%clk 01:30:52] [%emt 00:00:07]} 1... d5 {[%clk 01:30:47] [%emt
00:00:14]} 2. g3 {[%clk 01:31:13] [%emt 00:00:09]} 2... g6 {[%clk 01:30:13]
[%emt 00:01:04]} 3. Bg2 {[%clk 01:30:54] [%emt 00:00:49]} 3... Bg7 {[%clk
01:30:35] [%emt 00:00:08]} 4. O-O {[%clk 01:31:05] [%emt 00:00:20]} 4... e5
{[%clk 01:30:17] [%emt 00:00:47]} 5. c4 {[%clk 01:30:18] [%emt 00:01:18]} 5...
dxc4 {[%clk 01:29:20] [%emt 00:01:26]} 6. Qa4+ {[%clk 01:29:32] [%emt
00:01:16]} 6... Nc6 {[%clk 01:29:24] [%emt 00:00:26]} 7. Qxc4 {[%clk 01:29:08]
[%emt 00:00:54]} 7... Nge7 {[%clk 01:29:39] [%emt 00:00:14]} 8. d3 {[%clk
01:28:48] [%emt 00:00:51]} 8... O-O {[%clk 01:29:17] [%emt 00:00:51]} 9. Nc3
{[%clk 01:26:30] [%emt 00:02:49]} 9... Nd4 {[%clk 01:25:57] [%emt 00:03:51]}
10. Nxd4 {[%clk 01:23:04] [%emt 00:03:56]} 10... exd4 {[%clk 01:26:12] [%emt
00:00:14]} 11. Ne4 {[%clk 01:23:30] [%emt 00:00:04]} 11... Be6 {[%clk 01:18:27]
[%emt 00:08:15]} 12. Qc2 {[%clk 01:20:30] [%emt 00:03:30]} 12... b6 {[%clk
01:14:31] [%emt 00:04:25]} 13. Bg5 {[%clk 00:59:13] [%emt 00:21:47]} 13... f6
{[%clk 01:11:26] [%emt 00:03:36]} 14. Bf4 {[%clk 00:56:37] [%emt 00:03:06]}
14... Rc8 {[%clk 01:09:39] [%emt 00:02:17]} 15. Rfc1 {[%clk 00:55:58] [%emt
00:01:09]} 15... Qd7 {[%clk 01:08:28] [%emt 00:01:40]} 16. Bd2 {[%clk 00:51:51]
[%emt 00:04:38]} 16... h6 {[%clk 01:07:40] [%emt 00:01:17]} 17. Be1 {[%clk
00:52:04] [%emt 00:00:17]} 17... c5 {[%clk 01:07:26] [%emt 00:00:44]} 18. a4
{[%clk 00:50:48] [%emt 00:01:47]} 18... Bd5 {[%clk 01:02:44] [%emt 00:05:11]}
19. a5 {[%clk 00:49:33] [%emt 00:01:46]} 19... f5 {[%clk 01:00:51] [%emt
00:02:23]} 20. axb6 {[%clk 00:47:45] [%emt 00:02:19]} 20... axb6 {[%clk
00:57:33] [%emt 00:03:47]} 21. Nd2 {[%clk 00:48:04] [%emt 00:00:11]} 21... Bxg2
{[%clk 00:56:59] [%emt 00:01:06]} 22. Kxg2 {[%clk 00:48:29] [%emt 00:00:03]}
22... Nd5 {[%clk 00:56:15] [%emt 00:01:14]} 23. Qb3 {[%clk 00:43:33] [%emt
00:05:26]} 23... Rce8 {[%clk 00:53:16] [%emt 00:03:29]} 24. Nc4 {[%clk
00:41:15] [%emt 00:02:49]} 24... Re6 {[%clk 00:53:21] [%emt 00:00:24]} 25. e4
{[%clk 00:32:00] [%emt 00:09:45]} 25... dxe3 {[%clk 00:53:33] [%emt 00:00:18]}
26. Nxe3 {[%clk 00:32:08] [%emt 00:00:22]} 26... Nxe3+ {[%clk 00:52:18] [%emt
00:01:45]} 27. fxe3 {[%clk 00:32:18] [%emt 00:00:21]} 27... Kh7 {[%clk
00:52:03] [%emt 00:00:44]} 28. Ra7 {[%clk 00:25:48] [%emt 00:07:01]} 28... Qxa7
{[%clk 00:45:38]} 29. Qxe6 {[%clk 00:26:16] [%emt 00:06:57]} 29... Qb7+ {[%clk
00:45:54] [%emt 00:00:14]} 30. Kg1 {[%clk 00:23:53] [%emt 00:02:52]} 1/2-1/2